Content and interpretation of company accounts (Record no. 105233)
[ view plain ]
| 000 -LEADER | |
|---|---|
| fixed length control field | 01167cam a2200241 4500 |
| 001 - CONTROL NUMBER | |
| control field | E132796 |
| 008 - FIXED-LENGTH DATA ELEMENTS--GENERAL INFORMATION | |
| fixed length control field | 010726n2005 000 0 eng u |
| 020 ## - INTERNATIONAL STANDARD BOOK NUMBER | |
| International Standard Book Number | 1904388590 |
| 035 ## - SYSTEM CONTROL NUMBER | |
| System control number | (Sirsi) u132796 |
| 050 ## - LIBRARY OF CONGRESS CALL NUMBER | |
| Classification number | 657.95 |
| -- | 18 |
| 100 ## - MAIN ENTRY--PERSONAL NAME | |
| Personal name | Smee, Richard |
| 245 ## - TITLE STATEMENT | |
| Title | Content and interpretation of company accounts |
| Remainder of title | a CPD study pack |
| 260 ## - PUBLICATION, DISTRIBUTION, ETC. | |
| Place of publication, distribution, etc. | Oxford |
| Name of publisher, distributor, etc. | College of Estate Management |
| Date of publication, distribution, etc. | 2005 |
| 350 ## - PRICE (NR) (BK AM CF MU VM SE) [OBSOLETE] | |
| Price | 53.50 |
| 490 ## - SERIES STATEMENT | |
| Series statement | College of Estate Management CPD Study Pack |
| 520 ## - SUMMARY, ETC. | |
| Summary, etc. | International Financial Reporting Standards (IFRS) introduced in 2005 for European listed companies has changed the financial landscape. This pack explains the principal IFRS rules, contrasts them with the previous UK principles and explains how interpretation of an annual report can give you a picture of past and future performance. IFRS will increasingly also apply to private companies' accounts, so this pack will be of interest to all involved with budgets or accounts in any capacity. |
| 520 ## - SUMMARY, ETC. | |
| Summary, etc. | Supersedes 2001 edition (ISBN 1899769293). |
| 650 ## - SUBJECT ADDED ENTRY--TOPICAL TERM | |
| Topical term or geographic name entry element | ACCOUNTANCY |
| 650 ## - SUBJECT ADDED ENTRY--TOPICAL TERM | |
| Topical term or geographic name entry element | COMPANY ACCOUNTS |
| 690 ## - LOCAL SUBJECT ADDED ENTRY--TOPICAL TERM (OCLC, RLIN) | |
| Topical term or geographic name as entry element | FINANCE |
| 700 ## - ADDED ENTRY--PERSONAL NAME | |
| Personal name | Geddes, Tim |
| 942 ## - ADDED ENTRY ELEMENTS (KOHA) | |
| Suppress in OPAC | 0 |
| Withdrawn status | Lost status | Source of classification or shelving scheme | Damaged status | Not for loan | Home library | Current library | Shelving location | Date acquired | Cost, normal purchase price | Total Checkouts | Full call number | Barcode | Date last seen | Date last checked out | Copy number | Cost, replacement price | Price effective from | Koha item type |
|---|---|---|---|---|---|---|---|---|---|---|---|---|---|---|---|---|---|---|
| Dewey Decimal Classification | London | London | Enquiry desk | 10/04/2006 | 53.50 | 40 | BASEMENT 6 | 30072901 | 06/08/2019 | 18/01/2010 | 1 | 53.50 | 06/08/2019 | Audio | ||||
| Dewey Decimal Classification | London | London | Enquiry desk | 10/04/2006 | 53.50 | 35 | BASEMENT 6 | 30072904 | 06/08/2019 | 26/01/2010 | 4 | 53.50 | 06/08/2019 | Audio | ||||
| Missing | London | London | Missing | 10/04/2006 | 53.50 | 11 | BASEMENT 6 | 30072906 | 06/08/2019 | 13/06/2007 | 6 | 53.50 | 06/08/2019 | Audio |